000 00765nam a22002417a 4500
005 20210706092823.0
008 121109t mx ||||| |||| 00| 0 spa d
020 _a9789706131676
020 _a9706131671
050 0 4 _aKGF1295
_bG37 1999
100 1 _aGarcía Rendón, Manuel
245 1 0 _aSociedades mercantiles
_c / Manuel García Rendón
250 _a2a ed.
260 _aMéxico :
_bOxford University Press México,
_c1999
300 _axlviii, 619 p. ;
_c23 cm.
490 0 _aTextos Jurídicos Universitarios
504 _6Bibliografía p. 615-619 e índice
650 7 _2lemb
_aSociedades comerciales
_zMéxico
650 4 _aSociedades mercantiles
650 4 _aDerecho mercantil
_zMéxico
650 7 _2lemb
_aDerecho comercial
942 _2lcc
_cLIB
999 _c34714
_d34714